Detalles MARC
| 000 -ENCABEZADO |
| Número de control [NR] |
02531nam a2200445Ia 4500 |
| 005 - FECHA Y HORA DE LA ÚLTIMA TRANSACCIÓN |
| control field |
20180312143023.0 |
| 008 - DE LONGITUD FIJA DE DATOS DE ELEMENTOS - INFORMACIÓN GENERAL |
| Elementos de longitud fija [NR] |
130821s2009 ck ad gr spa |
| 020 ## - NUMERO INTERNACIONAL NORMALIZADO PARA LIBROS [R] |
| Número Internacional Normalizado del libro [NR] |
9789588378879 (3a ed) |
| 020 ## - NUMERO INTERNACIONAL NORMALIZADO PARA LIBROS [R] |
| Número Internacional Normalizado del libro [NR] |
9789589378220 (2a Ed) |
| 022 ## - NUMERO INTERNACIONAL NORMALIZADO PARA PUBLICACIONES SERIADAS |
| Número Internacional Normalizado para Publicaciones Seriadas [NR] |
2382-4069 |
| 040 ## - FUENTE DE CATALOGACION [NR] |
| Agencia de catalogación original [NR] |
CO-BoUCM |
| Idioma de catalogación [NR] |
spa |
| Quien Cataloga |
Jose A. Gerena (modificó) |
| Quien Clasifica |
[Nuevo] |
| 041 00 - CODIGO DE IDIOMA [R] |
| Código de idioma para texto/pista de sonido o título separado [R] |
Español |
| 111 1# - ASIENTO PRINCIPAL--NOMBRE DE REUNION [NR] |
| Nombre de reunión o de jurisdicción como elemento de entrada [NR] |
Encuentro de investigación en la Universidad del Rosario |
| 9 (RLIN) |
39881 |
| 245 00 - MENCION DE TITULO [NR] |
| Título [NR] |
Encuentro de investigación en la Universidad del Rosario |
| Mención de responsabilidad, etc. [NR] |
María Andrea Contreras, editora académica |
| 246 23 - FORMA VARIANTE DEL TITULO [R] |
| Título propiamente dicho/forma breve del título [NR] |
Encuentro Bienal de Investigación en la Universidad del Rosario |
| 250 ## - MENCION DE EDICION [NR] |
| Mención de edición [NR] |
4a ed |
| 260 ## - PUBLICACION, DISTRIBUCION, ETC. (PIE DE IMPRENTA) [R] |
| Lugar de publicación, distribución, etc. [R] |
Bogotá (Colombia) |
| Nombre del editor, distribuidor, etc. [R] |
Editorial Universidad del Rosario |
| Fecha de publicación, distribución, etc. [R] |
2014 |
| 300 ## - DESCRIPCION FISICA [R] |
| Extensión [R] |
431 páginas |
| Otros detalles físicos [NR] |
ilustraciones, cuadros |
| 505 ## - NOTA DE CONTENIDO CON FORMATO PREESTABLECIDO [R] |
| Información miscelánea [R] |
2a Ed. |
| State manifest and birth record (1764-1977). |
II Encuentro de investigación en la Universidad del Rosario, 10 al 12 de Mayo de 2006. |
| 505 ## - NOTA DE CONTENIDO CON FORMATO PREESTABLECIDO [R] |
| Información miscelánea [R] |
3a Ed. |
| Mención de responsabilidad [R] |
III Encuentro de investigación en la Universidad del Rosario, 6 al 8 de Octubre de 2008. |
| 505 ## - NOTA DE CONTENIDO CON FORMATO PREESTABLECIDO [R] |
| Información miscelánea [R] |
4a Ed. |
| State manifest and birth record (1764-1977). |
Encuentro de investigación en la Universidad del Rosario, 21-23 de Octubre de 2013. N.4 |
| 650 #7 - ASIENTO SECUNDARIO DE MATERIA - TERMINO TEMATICO [R] |
| Término temático o nombre geográfico como elemento de entrada [NR] |
Administración pública |
| Subdivisión general [R] |
Investigaciones |
| Subdivisión de forma [R] |
Congresos, conferencias, etc. |
| 9 (RLIN) |
355 |
| 650 #7 - ASIENTO SECUNDARIO DE MATERIA - TERMINO TEMATICO [R] |
| Término temático o nombre geográfico como elemento de entrada [NR] |
Administración |
| Subdivisión general [R] |
Investigaciones |
| Subdivisión de forma [R] |
Congresos, conferencias, etc. |
| 9 (RLIN) |
7252 |
| 650 #7 - ASIENTO SECUNDARIO DE MATERIA - TERMINO TEMATICO [R] |
| Término temático o nombre geográfico como elemento de entrada [NR] |
Ciencia política |
| Subdivisión general [R] |
Investigaciones |
| Subdivisión de forma [R] |
Congresos, conferencias, etc. |
| 9 (RLIN) |
340 |
| 650 #7 - ASIENTO SECUNDARIO DE MATERIA - TERMINO TEMATICO [R] |
| Término temático o nombre geográfico como elemento de entrada [NR] |
Ciencias sociales |
| Subdivisión general [R] |
Investigaciones |
| Subdivisión de forma [R] |
Congresos, conferencias, etc. |
| 9 (RLIN) |
10815 |
| 650 #7 - ASIENTO SECUNDARIO DE MATERIA - TERMINO TEMATICO [R] |
| Término temático o nombre geográfico como elemento de entrada [NR] |
Derecho |
| Subdivisión general [R] |
Investigaciones |
| Subdivisión de forma [R] |
Congresos, conferencias, etc. |
| 9 (RLIN) |
7494 |
| 650 #7 - ASIENTO SECUNDARIO DE MATERIA - TERMINO TEMATICO [R] |
| Término temático o nombre geográfico como elemento de entrada [NR] |
Economía |
| Subdivisión general [R] |
Investigaciones |
| Subdivisión de forma [R] |
Congresos, conferencias, etc. |
| 9 (RLIN) |
174 |
| 650 #7 - ASIENTO SECUNDARIO DE MATERIA - TERMINO TEMATICO [R] |
| Término temático o nombre geográfico como elemento de entrada [NR] |
Investigación |
| 9 (RLIN) |
17968 |
| 650 #7 - ASIENTO SECUNDARIO DE MATERIA - TERMINO TEMATICO [R] |
| Término temático o nombre geográfico como elemento de entrada [NR] |
Medicina |
| Subdivisión general [R] |
Investigaciones |
| Subdivisión de forma [R] |
Congresos, conferencias, etc. |
| 9 (RLIN) |
225 |
| 650 #7 - ASIENTO SECUNDARIO DE MATERIA - TERMINO TEMATICO [R] |
| Término temático o nombre geográfico como elemento de entrada [NR] |
Rehabilitación |
| Subdivisión general [R] |
Investigaciones |
| Subdivisión de forma [R] |
Congresos, conferencias, etc. |
| 9 (RLIN) |
361 |
| 650 #7 - ASIENTO SECUNDARIO DE MATERIA - TERMINO TEMATICO [R] |
| Término temático o nombre geográfico como elemento de entrada [NR] |
Relaciones internacionales |
| Subdivisión general [R] |
Investigaciones |
| Subdivisión de forma [R] |
Congresos, conferencias, etc. |
| 9 (RLIN) |
8042 |
| 650 #7 - ASIENTO SECUNDARIO DE MATERIA - TERMINO TEMATICO [R] |
| Término temático o nombre geográfico como elemento de entrada [NR] |
Religión |
| Subdivisión general [R] |
Investigaciones |
| Subdivisión de forma [R] |
Congresos, conferencias, etc. |
| 9 (RLIN) |
23497 |
| 650 #7 - ASIENTO SECUNDARIO DE MATERIA - TERMINO TEMATICO [R] |
| Término temático o nombre geográfico como elemento de entrada [NR] |
Universidades |
| Subdivisión geográfica [R] |
Colombia |
| Subdivisión de forma [R] |
Congresos, conferencias, etc. |
| 9 (RLIN) |
8214 |
| 690 ## - ASUNTO AGREGADO LOCAL DE ENTRADA - TÉRMINO TEMÁTICO (OCLC, RLIN) |
| Acceso temático local |
Investigación |
| 700 1# - ASIENTO SECUNDARIO - NOMBRE PERSONAL [R] |
| Nombre personal [NR] |
Contreras Nieto, María Andrea |
| 9 (RLIN) |
39882 |
| Término de relación [R] |
editor |
| 710 1# - ASIENTO SECUNDARIO - NOMBRE CORPORATIVO [R] |
| Nombre corporativo o de jurisdicción como elemento de entrada [NR] |
Universidad Colegio Mayor de Nuestra Señora del Rosario |
| Unidad subordinada [R] |
Centro de Gestión del Conocimiento y la Innovación. CGCI |
| 9 (RLIN) |
39883 |
| 710 1# - ASIENTO SECUNDARIO - NOMBRE CORPORATIVO [R] |
| Nombre corporativo o de jurisdicción como elemento de entrada [NR] |
Universidad Colegio Mayor de Nuestra Señora del Rosario |
| Unidad subordinada [R] |
Departamento de Planeación y Desarrollo Académico |
| 9 (RLIN) |
37888 |
| 942 ## - ELEMENTOS DE ENTRADA AGREGADOS (KOHA) |
| Tipo de ítem principal el descrito en 300a |
Edición Rosarista |
| Sistema de clasificación |
DEWEY |
| Tema principal |
Generalidades |
| Edición |
4 |
| Clasificación |
001.4 |
| Parte restante de la signatura top. |
E562e |
| Título oculto en OPAC |
No |